Szczegóły MARC21

Żywot i myśli Zygmunta Podfilipskiego /

003 -Nazwa inst., której nr kontr. jest w polu 001 [,]
    • @
    • Nazwa instytucji, której n kontrolny jest w polu 001
    • NUKAT
005 -DATA I CZAS OSTATNIEJ MODYFIKACJI [,]
    • @
    • pole kontrolne
    • 20241231111952.0
040 -Instytucja sporządzająca opis [ , ]
    • a
    • Instytucja, która sporządziła opis (NP)
    • KR 295/JR
    • c
    • Instytucja, która sporządziła rekord (NP)
    • KR 295/JR
    • d
    • Instytucja, która zmodyfikowała rekord (P)
    • KR 295/DR
    • d
    • Instytucja, która zmodyfikowała rekord (P)
    • KR 119/jps
942 -Rodzaj dokumentu [ , ]
    • c
    • Rodzaj dokumentu
    • Książka
100 -Hasło główne - nazwa osobowa [1, ]
    • a
    • Nazwa osobowa (NP)
    • Weyssenhoff, Józef
    • d
    • Daty biograficzne (NP)
    • (1860-1932).
    • 9
    • KHW
    • 60709
240 -Tytuł ujednolicony [1,0]
    • a
    • Tytuł ujednolicony
    • Żywot i myśli Zygmunta Podfilipskiego
    • l
    • Język tekstu
    • (pol.)
    • 9
    • KHW
    • 502438
245 -Strefa tytułu i oznaczenia odpowiedzialności [1,0]
    • a
    • Tytuł
    • Żywot i myśli Zygmunta Podfilipskiego / Find
    • c
    • Pozostałe elementy strefy tytułu i oznaczenia odpowiedzialności (NP)
    • Józef Weyssenhoff ; [posł. Janusz Wilhelmi].
260 -Strefa adresu wydawniczego [ , ]
    • a
    • Miejsce wydania (P)
    • Warszawa :
    • b
    • Nazwa wydawcy (P)
    • Spółdzielnia Wydawnicza Czytelnik,
    • c
    • Data wydania (P)
    • 1956.
300 -Strefa opisu fizycznego [ , ]
    • a
    • Określenie formy książki i/lub objętość (NP)
    • 277, [2] s., [7] k. tabl. ;
    • c
    • Format (NP)
    • 20 cm.
336 -Typ zawartości [ , ]
    • a
    • Termin opisujący typ zawartości
    • Tekst
    • b
    • Kod określający zawartość
    • txt
    • 2
    • Źródło (terminu i kodu)
    • rdacontent
337 -Typ mediów [ , ]
    • a
    • Tryb odtwarzania
    • Bez urządzenia pośredniczącego
    • b
    • Kod typu mediów
    • n
    • 2
    • Źródło (terminu i kodu)
    • rdamedia
338 -Typ/rodzaj nośnika [ , ]
    • a
    • Hasło opisujące typ nośnika
    • Wolumin
    • b
    • Kod typu nośnika
    • nc
    • 2
    • Źródło (terminu i kodu)
    • rdacarrier
655 -Hasło w funkcji tematu formalnego [ ,7]
    • a
    • Hasło
    • Powieść polska
    • y
    • Określnik chronologiczny
    • 1870-1914.
    • 2
    • Źródło terminu
    • kaba
    • 9
    • KHW
    • 189585
700 -Hasło dodatkowe - nazwa osobowa [1, ]
    • a
    • Nazwa osobowa (NP)
    • Wilhelmi, Janusz Find
    • d
    • Daty biograficzne (NP)
    • (1927-1978).
    • e
    • Określenie rodzaju współpracy
    • Posł.
    • 9
    • KHW
    • 44508
710 -Hasło dodatkowe - nazwa ciała zbiorowego [2, ]
    • a
    • Nazwa ciała zbiorowego lub nazwa geograficzna jako pierwszy element (NP)
    • Spółdzielnia Wydawnicza "Czytelnik".
    • 4
    • Kod relacji
    • pbl
    • 9
    • KHW
    • 52317
Status udost. Numer inwentarzowy Lokalizacja Data inwentaryzacji Obwoluta
1JK.162BG2002-11-18 
1Q.2699BM2019-09-061